[Event "2017 O2C Doeberl Cup"]
[Site "Canberra Australia"]
[Date "2017.04.14"]
[Round "4.5"]
[White "Ikeda, Junta"]
[Black "Solomon, Stephen J"]
[Result "1-0"]
[LiveChessVersion "1.4.4"]
[BlackElo "2374"]
[WhiteElo "2394"]

1. Nf3 d5 2. g3 c6 3. Bg2 {[%clk 1:29:26]} Bg4 {[%clk 1:29:52]} 4. O-O
{[%clk 1:29:24]} Nd7 {[%clk 1:30:13]} 5. d3 {[%clk 1:29:30]} Ngf6
{[%clk 1:29:58]} 6. Qe1 {[%clk 1:29:38]} e5 {[%clk 1:28:52]} 7. e4
{[%clk 1:30:03]} dxe4 {[%clk 1:22:36]} 8. dxe4 {[%clk 1:30:28]} Bc5
{[%clk 1:22:56]} 9. Nbd2 {[%clk 1:30:09]} O-O {[%clk 1:22:09]} 10. h3
{[%clk 1:30:01]} Bxf3 {[%clk 1:18:05]} 11. Nxf3 {[%clk 1:24:30]} a5
{[%clk 1:17:58]} 12. Nh4 {[%clk 1:22:34]} g6 {[%clk 1:14:49]} 13. a4
{[%clk 1:16:19]} Re8 {[%clk 1:07:52]} 14. Qe2 {[%clk 1:13:57]} Nf8
{[%clk 1:01:43]} 15. c3 {[%clk 1:11:22]} Qe7 {[%clk 0:58:52]} 16. Nf3
{[%clk 1:09:36]} Rad8 {[%clk 0:55:33]} 17. Nd2 {[%clk 1:05:29]} Ne6
{[%clk 0:47:17]} 18. Nc4 {[%clk 1:03:10]} Qc7 {[%clk 0:47:34]} 19. Qf3
{[%clk 1:00:22]} Nh5 {[%clk 0:39:25]} 20. Re1 {[%clk 0:57:55]} Kg7
{[%clk 0:37:41]} 21. Bf1 {[%clk 0:54:01]} Rf8 {[%clk 0:36:11]} 22. Ne3
{[%clk 0:36:27]} Nf6 {[%clk 0:31:11]} 23. Bc4 {[%clk 0:24:02]} Qe7
{[%clk 0:23:47]} 24. Bb3 {[%clk 0:18:08]} b6 {[%clk 0:20:11]} 25. Nc4
{[%clk 0:16:21]} Nd7 {[%clk 0:18:25]} 26. Qe2 {[%clk 0:07:56]} f6
{[%clk 0:10:35]} 27. Kg2 {[%clk 0:07:03]} Ng5 {[%clk 0:07:50]} 28. h4
{[%clk 0:06:28]} Nf7 {[%clk 0:07:47]} 29. h5 {[%clk 0:05:12]} g5 {[%clk 0:07:41]}
30. h6+ {[%clk 0:03:42]} Nxh6 {[%clk 0:07:20]} 31. Rh1 {[%clk 0:03:54]} Qe8
{[%clk 0:06:33]} 32. Be3 {[%clk 0:01:17]} Qg6 {[%clk 0:06:11]} 33. Bxc5
{[%clk 0:01:11]} Nxc5 {[%clk 0:06:04]} 34. Bc2 {[%clk 0:01:34]} Rf7
{[%clk 0:02:32]} 35. Nxb6 {[%clk 0:01:00]} Rb7 {[%clk 0:02:43]} 36. Nc4
{[%clk 0:01:23]} Ne6 {[%clk 0:02:19]} 37. Rab1 {[%clk 0:00:49]} Rbd7
{[%clk 0:02:37]} 38. Rbd1 {[%clk 0:00:42]} g4 {[%clk 0:01:24]} 39. Rxd7+
{[%clk 0:00:42]} Rxd7 {[%clk 0:01:53]} 40. Ne3 {[%clk 0:00:36]} Nf4+
{[%clk 0:00:44]} 41. gxf4 {[%clk 0:30:34]} exf4 {[%clk 0:31:35]} 42. Nf5+
{[%clk 0:21:46]} Qxf5 {[%clk 0:10:59]} 43. exf5 {[%clk 0:22:11]} f3+
{[%clk 0:11:20]} 44. Qxf3 {[%clk 0:22:36]} gxf3+ {[%clk 0:11:45]} 45. Kxf3
{[%clk 0:23:01]} Nf7 {[%clk 0:11:19]} 46. Ke3 {[%clk 0:11:40]} c5
{[%clk 0:10:07]} 47. Bb3 {[%clk 0:09:09]} Re7+ {[%clk 0:07:51]} 48. Be6
{[%clk 0:06:44]} Ng5 {[%clk 0:07:43]} 49. Kd3 {[%clk 0:07:01]} Nxe6
{[%clk 0:07:52]} 50. fxe6 {[%clk 0:07:27]} Rxe6 {[%clk 0:08:12]} 51. Kc4
{[%clk 0:07:31]} Re2 {[%clk 0:05:13]} 52. Rb1 {[%clk 0:07:13]} h5
{[%clk 0:05:26]} 53. Kxc5 {[%clk 0:07:16]} h4 {[%clk 0:05:05]} 54. b4
{[%clk 0:06:20]} Rc2 {[%clk 0:04:50]} 55. b5 {[%clk 0:05:35]} Rxc3+
{[%clk 0:05:17]} 56. Kb6 {[%clk 0:05:58]} h3 {[%clk 0:04:16]} 57. Kxa5
{[%clk 0:06:17]} h2 {[%clk 0:04:42]} 58. Rh1 {[%clk 0:06:28]} 1-0

[Event "2017 O2C Doeberl Cup"]
[Site "Canberra Australia"]
[Date "2017.04.14"]
[Round "4.6"]
[White "Chan, Luis"]
[Black "Bjelobrk, Igor"]
[Result "1/2-1/2"]
[LiveChessVersion "1.4.4"]
[BlackElo "2391"]
[WhiteElo "2169"]

1. d4 {[%clk 1:30:54]} d5 {[%clk 1:30:55]} 2. c4 {[%clk 1:31:20]} e6
{[%clk 1:31:08]} 3. Nc3 {[%clk 1:31:45]} Bb4 {[%clk 1:31:32]} 4. Bf4
{[%clk 1:30:13]} Nf6 {[%clk 1:31:36]} 5. e3 {[%clk 1:29:16]} O-O {[%clk 1:31:50]}
6. Bd3 {[%clk 1:27:45]} c5 {[%clk 1:31:29]} 7. Nge2 {[%clk 1:25:20]} cxd4
{[%clk 1:29:27]} 8. exd4 dxc4 {[%clk 1:29:22]} 9. Bxc4 {[%clk 1:26:06]} b6
{[%clk 1:28:44]} 10. O-O {[%clk 1:18:08]} Bb7 {[%clk 1:28:41]} 11. Qd3
{[%clk 1:13:47]} Bd6 {[%clk 1:22:58]} 12. d5 {[%clk 1:00:10]} exd5
{[%clk 1:19:58]} 13. Nxd5 {[%clk 0:59:00]} Bxf4 {[%clk 1:12:56]} 14. Nexf4
{[%clk 0:55:26]} Nc6 {[%clk 1:13:19]} 15. Rfe1 {[%clk 0:54:31]} Nxd5
{[%clk 1:08:34]} 16. Nxd5 {[%clk 0:54:16]} Qg5 {[%clk 1:06:01]} 17. Qg3
{[%clk 0:51:02]} Qxg3 {[%clk 1:05:49]} 18. hxg3 {[%clk 0:51:26]} Rfd8
{[%clk 1:04:40]} 19. Ne7+ {[%clk 0:50:12]} Kf8 {[%clk 1:04:48]} 20. Nxc6
{[%clk 0:49:53]} Bxc6 {[%clk 1:05:05]} 1/2-1/2

[Event "2017 O2C Doeberl Cup"]
[Site "Canberra Australia"]
[Date "2017.04.14"]
[Round "4.7"]
[White "Lane, Gary W"]
[Black "Zulfic, Fedja"]
[Result "1-0"]
[LiveChessVersion "1.4.4"]
[BlackElo "2118"]
[WhiteElo "2391"]

1. e4 {[%clk 1:27:38]} c5 {[%clk 1:30:33]} 2. Nf3 {[%clk 1:27:32]} Nc6
{[%clk 1:30:45]} 3. d4 {[%clk 1:27:22]} cxd4 {[%clk 1:31:09]} 4. Nxd4
{[%clk 1:27:48]} e5 {[%clk 1:31:12]} 5. Nb5 {[%clk 1:27:43]} d6 {[%clk 1:31:26]}
6. N1c3 {[%clk 1:24:54]} a6 {[%clk 1:31:45]} 7. Na3 {[%clk 1:25:17]} Be6
{[%clk 1:31:53]} 8. g3 {[%clk 1:20:17]} h5 {[%clk 1:26:45]} 9. h3
{[%clk 1:18:03]} g6 {[%clk 1:21:31]} 10. Bg2 {[%clk 1:09:52]} Bg7
{[%clk 1:13:31]} 11. O-O {[%clk 0:58:51]} Nf6 {[%clk 1:02:50]} 12. Nd5
{[%clk 0:42:43]} Bxd5 {[%clk 0:56:08]} 13. exd5 {[%clk 0:43:08]} Nd4
{[%clk 0:54:31]} 14. Nc4 {[%clk 0:38:17]} Nf5 {[%clk 0:45:16]} 15. a4
{[%clk 0:35:31]} Rc8 {[%clk 0:37:13]} 16. b3 {[%clk 0:34:44]} O-O
{[%clk 0:29:54]} 17. a5 {[%clk 0:34:49]} e4 {[%clk 0:23:21]} 18. Ba3
{[%clk 0:34:47]} Rxc4 {[%clk 0:23:00]} 19. bxc4 {[%clk 0:35:09]} e3
{[%clk 0:23:16]} 20. Bb2 {[%clk 0:25:42]} exf2+ {[%clk 0:20:09]} 21. Rxf2
{[%clk 0:25:46]} Nxg3 {[%clk 0:19:24]} 22. Qd3 {[%clk 0:23:48]} Nge4
{[%clk 0:10:57]} 23. Bxe4 {[%clk 0:18:35]} Nxe4 {[%clk 0:11:24]} 24. Qxe4
{[%clk 0:19:00]} Bxb2 {[%clk 0:11:29]} 25. Rb1 {[%clk 0:19:26]} Qxa5
{[%clk 0:08:08]} 26. Kg2 {[%clk 0:15:54]} Qc3 {[%clk 0:06:12]} 27. Qe7
{[%clk 0:11:04]} Ba3 {[%clk 0:02:08]} 28. Rb3 {[%clk 0:10:09]} Qa1
{[%clk 0:01:49]} 29. Rg3 {[%clk 0:05:09]} Kg7 {[%clk 0:01:54]} 30. Rxg6+
{[%clk 0:02:23]} Kxg6 {[%clk 0:02:22]} 31. Qxf8 {[%clk 0:02:47]} Qg7
{[%clk 0:02:29]} 32. Qe7 {[%clk 0:03:06]} Kh6+ {[%clk 0:00:44]} 33. Kh2
{[%clk 0:03:06]} Bb2 {[%clk 0:00:34]} 34. Rxf7 {[%clk 0:02:35]} Be5+
{[%clk 0:00:32]} 35. Kh1 {[%clk 0:03:01]} Qg6 {[%clk 0:00:46]} 36. Qe6
{[%clk 0:02:19]} b6 {[%clk 0:00:59]} 37. h4 {[%clk 0:01:54]} a5 {[%clk 0:01:04]}
38. Rd7 {[%clk 0:01:39]} a4 {[%clk 0:00:42]} 39. Ra7 {[%clk 0:01:52]} Qxe6
{[%clk 0:00:33]} 40. dxe6 {[%clk 0:02:17]} Kg6 {[%clk 0:00:49]} 41. Rxa4
{[%clk 0:29:40]} Kf6 {[%clk 0:30:58]} 42. Ra7 {[%clk 0:28:17]} Kxe6
{[%clk 0:31:19]} 43. Rh7 {[%clk 0:28:43]} Kf5 {[%clk 0:30:14]} 44. Rxh5+
{[%clk 0:29:07]} Ke4 {[%clk 0:29:10]} 45. Kg2 {[%clk 0:26:47]} Kd4
{[%clk 0:29:20]} 46. Kf3 {[%clk 0:26:04]} Kxc4 {[%clk 0:29:40]} 47. Rxe5
{[%clk 0:24:39]} Kd5 48. Ke4+ 1-0

[Event "2017 O2C Doeberl Cup"]
[Site "Canberra Australia"]
[Date "2017.04.14"]
[Round "4.8"]
[White "Chan, Kris"]
[Black "Tao, Trevor"]
[Result "0-1"]
[LiveChessVersion "1.4.4"]
[BlackElo "2381"]
[WhiteElo "2112"]

1. d4 d5 2. c4 dxc4 3. Nf3 a6 4. a4 Nf6 5. Nc3 Nc6 6. d5 Na5 7. e4 e6 8. Bg5 Be7
9. dxe6 Bxe6 10. Nd4 Qd6 11. Nxe6 Qxe6 12. Bxf6 Bxf6 13. Qd5 Qb6 14. O-O-O Rd8
15. Qh5 Nb3+ 16. Kc2 Qxf2+ 17. Be2 Nd4+ 18. Kb1 Nxe2 19. Rxd8+ Kxd8 20. Nxe2 Kc8
21. e5 Re8 22. Qxf7 Qf5+ 23. Ka1 Qxe5 24. Nc3 Qe6 25. Qh5 Bxc3 26. bxc3 Qc6 27.
Qf5+ Kb8 28. Qc2 Re5 29. Rb1 Qe8 30. Qd1 Re2 31. h3 g5 32. g4 Qe7 33. Qc1 b6 34.
a5 b5 35. h4 gxh4 36. g5 h3 0-1

[Event "2017 O2C Doeberl Cup"]
[Site "Canberra Australia"]
[Date "2017.04.15"]
[Round "5.1"]
[White "Krasenkow, Michal"]
[Black "Ganguly, Surya Shekhar"]
[Result "0-1"]
[LiveChessVersion "1.4.4"]
[BlackElo "2640"]
[WhiteElo "2620"]

1. Nf3 {[%clk 1:30:58]} d5 {[%clk 1:30:30]} 2. d4 {[%clk 1:31:23]} Nf6
{[%clk 1:30:52]} 3. c4 {[%clk 1:31:50]} e6 {[%clk 1:31:12]} 4. Nc3
{[%clk 1:32:17]} c6 {[%clk 1:31:27]} 5. e3 {[%clk 1:32:42]} Nbd7 6. Bd3
{[%clk 1:31:22]} dxc4 {[%clk 1:31:21]} 7. Bxc4 {[%clk 1:31:47]} b5
{[%clk 1:31:44]} 8. Be2 {[%clk 1:29:52]} Bb7 {[%clk 1:13:55]} 9. a3
{[%clk 1:23:24]} Bd6 {[%clk 1:13:12]} 10. e4 {[%clk 1:22:05]} e5 {[%clk 1:13:04]}
11. dxe5 {[%clk 1:21:10]} Nxe5 {[%clk 1:13:24]} 12. Nd4 {[%clk 1:21:28]} O-O
{[%clk 1:00:39]} 13. Nf5 {[%clk 1:18:12]} Bc7 {[%clk 0:56:43]} 14. Bg5
{[%clk 1:15:16]} h6 {[%clk 0:54:55]} 15. Bh4 {[%clk 1:14:24]} Ng6
{[%clk 0:49:52]} 16. Qxd8 Bxd8 {[%clk 0:50:16]} 17. Bg3 {[%clk 1:14:49]} a5
{[%clk 0:50:29]} 18. Nd6 {[%clk 1:11:16]} Ba6 {[%clk 0:48:30]} 19. O-O
{[%clk 1:08:03]} Bc7 {[%clk 0:43:56]} 20. Rfd1 {[%clk 1:02:48]} b4
{[%clk 0:38:44]} 21. axb4 {[%clk 0:59:21]} Bxe2 {[%clk 0:38:55]} 22. Nxe2
{[%clk 0:59:45]} axb4 {[%clk 0:39:19]} 23. f3 {[%clk 0:48:01]} Rxa1
{[%clk 0:36:16]} 24. Rxa1 {[%clk 0:48:25]} Nh5 {[%clk 0:36:33]} 25. Nc4
{[%clk 0:47:36]} Nxg3 {[%clk 0:36:56]} 26. hxg3 {[%clk 0:48:01]} Ne5
{[%clk 0:36:31]} 27. Rc1 {[%clk 0:47:42]} Rd8 {[%clk 0:36:35]} 28. Nxe5
{[%clk 0:39:14]} Bxe5 {[%clk 0:36:57]} 29. b3 {[%clk 0:39:41]} Rd3
{[%clk 0:34:22]} 30. Rxc6 {[%clk 0:39:48]} Rxb3 {[%clk 0:34:20]} 31. f4
{[%clk 0:39:37]} Rb1+ {[%clk 0:31:24]} 32. Kf2 {[%clk 0:40:00]} Ba1
{[%clk 0:31:48]} 33. Rc1 {[%clk 0:38:39]} Bd4+ {[%clk 0:30:20]} 34. Kf3
{[%clk 0:37:21]} Rb3+ {[%clk 0:30:18]} 35. Kg4 {[%clk 0:37:47]} Bf2
{[%clk 0:30:38]} 36. f5 {[%clk 0:32:56]} Re3 {[%clk 0:15:59]} 37. Rc2
{[%clk 0:29:33]} b3 {[%clk 0:15:06]} 38. Rb2 {[%clk 0:30:03]} g6 {[%clk 0:11:11]}
39. fxg6 {[%clk 0:27:44]} fxg6 {[%clk 0:11:33]} 40. Nc1 {[%clk 0:22:42]} Rxg3+
{[%clk 0:08:58]} 41. Kf4 {[%clk 0:23:04]} Rc3 {[%clk 0:07:36]} 42. Rxf2
{[%clk 0:15:29]} Rxc1 {[%clk 0:07:27]} 43. Ke5 {[%clk 0:15:40]} Rc2
{[%clk 0:06:24]} 44. Rf3 {[%clk 0:10:51]} Rc5+ {[%clk 0:05:34]} 45. Kf6
{[%clk 0:11:05]} Rb5 {[%clk 0:02:42]} 46. Rf1 {[%clk 0:11:29]} Rb6+
{[%clk 0:01:32]} 47. Ke7 {[%clk 0:11:36]} Rb7+ {[%clk 0:01:54]} 48. Ke6
{[%clk 0:10:50]} b2 {[%clk 0:01:08]} 49. Rb1 {[%clk 0:11:18]} h5 {[%clk 0:27:02]}
50. e5 {[%clk 0:40:32]} Kg7 {[%clk 0:27:08]} 51. g3 {[%clk 0:30:20]} Rb5
{[%clk 0:26:33]} 52. Kd6 {[%clk 0:27:49]} Kf7 {[%clk 0:26:24]} 53. e6+
{[%clk 0:28:01]} Ke8 {[%clk 0:26:48]} 54. Kc6 {[%clk 0:28:29]} Rb8
{[%clk 0:25:59]} 55. Kc7 {[%clk 0:28:43]} Rb4 {[%clk 0:25:28]} 56. Kd6
{[%clk 0:29:09]} Rb3 {[%clk 0:25:42]} 57. e7 {[%clk 0:29:35]} Rb8
{[%clk 0:25:47]} 58. Kc7 {[%clk 0:29:44]} Rb4 {[%clk 0:26:11]} 59. Kd6
{[%clk 0:30:11]} Rb3 {[%clk 0:26:33]} 0-1

[Event "2017 O2C Doeberl Cup"]
[Site "Canberra Australia"]
[Date "2017.04.15"]
[Round "5.2"]
[White "Zhao, Zong-Yuan"]
[Black "Morris, James"]
[Result "1-0"]
[LiveChessVersion "1.4.4"]
[BlackElo "2459"]
[WhiteElo "2539"]

1. Nf3 {[%clk 1:25:05]} d5 {[%clk 1:30:42]} 2. g3 {[%clk 1:24:41]} c6
{[%clk 1:31:00]} 3. Bg2 {[%clk 1:25:07]} Bg4 {[%clk 1:31:22]} 4. O-O
{[%clk 1:25:21]} Nd7 {[%clk 1:31:44]} 5. d3 {[%clk 1:25:47]} e6 {[%clk 1:29:48]}
6. Nbd2 {[%clk 1:22:26]} Bd6 {[%clk 1:28:20]} 7. b3 {[%clk 1:21:26]} Ne7
{[%clk 1:23:00]} 8. Bb2 {[%clk 1:20:14]} O-O 9. c4 {[%clk 1:19:23]} a5
{[%clk 1:23:01]} 10. a3 {[%clk 1:19:24]} Qb8 11. Rc1 h6 {[%clk 0:53:01]} 12. Qc2
{[%clk 0:53:35]} e5 {[%clk 0:48:57]} 13. Rfe1 {[%clk 0:50:29]} b5
{[%clk 0:43:01]} 14. e3 {[%clk 0:44:54]} Ra7 {[%clk 0:38:48]} 15. c5
{[%clk 0:33:49]} Bc7 {[%clk 0:39:12]} 16. b4 {[%clk 0:34:14]} Ng6
{[%clk 0:27:00]} 17. e4 {[%clk 0:29:12]} d4 {[%clk 0:26:58]} 18. Rb1
{[%clk 0:20:55]} axb4 {[%clk 0:21:43]} 19. axb4 {[%clk 0:21:24]} Ra4
{[%clk 0:22:07]} 20. Bc1 {[%clk 0:21:46]} Qc8 {[%clk 0:22:34]} 21. Nf1
{[%clk 0:20:49]} Nf6 {[%clk 0:18:23]} 22. Bd2 {[%clk 0:20:39]} Qe6
{[%clk 0:17:27]} 23. Ra1 {[%clk 0:18:21]} Rfa8 {[%clk 0:17:48]} 24. Rxa4
{[%clk 0:18:47]} Rxa4 {[%clk 0:18:15]} 25. Rb1 {[%clk 0:19:04]} Qc8
{[%clk 0:14:10]} 26. Qc1 {[%clk 0:17:27]} Qa8 {[%clk 0:14:15]} 27. Ne1
{[%clk 0:16:38]} Ra3 {[%clk 0:13:02]} 28. Qc2 {[%clk 0:15:03]} Ne8
{[%clk 0:10:01]} 29. Bf3 {[%clk 0:14:33]} Be6 {[%clk 0:09:29]} 30. Be2
{[%clk 0:12:57]} f5 {[%clk 0:05:11]} 31. f3 {[%clk 0:10:45]} Nf6 {[%clk 0:04:33]}
32. Qc1 {[%clk 0:08:44]} f4 {[%clk 0:03:46]} 33. Nc2 {[%clk 0:08:30]} Ra2
{[%clk 0:00:48]} 34. Ra1 {[%clk 0:08:00]} Nh5 {[%clk 0:01:03]} 35. g4
{[%clk 0:05:13]} Nf6 {[%clk 0:01:21]} 36. Be1 {[%clk 0:05:40]} Nh7
{[%clk 0:00:44]} 37. Bd1 {[%clk 0:03:45]} Bd8 38. Rxa2 {[%clk 0:03:17]} Qxa2
{[%clk 0:00:56]} 39. Qa1 {[%clk 0:02:48]} Bh4 {[%clk 0:01:11]} 40. Bd2
{[%clk 0:01:20]} Ng5 {[%clk 0:01:34]} 41. Kg2 {[%clk 0:21:23]} h5
{[%clk 0:29:10]} 42. Qxa2 {[%clk 0:20:33]} Bxa2 {[%clk 0:29:36]} 43. gxh5
{[%clk 0:21:01]} Nf8 {[%clk 0:29:31]} 44. Na1 {[%clk 0:19:31]} Bf7
{[%clk 0:29:24]} 45. Ng3 {[%clk 0:19:20]} Nge6 {[%clk 0:28:39]} 46. Nf5
{[%clk 0:19:19]} Bg5 {[%clk 0:25:52]} 47. Nb3 {[%clk 0:16:57]} Bxh5
{[%clk 0:26:07]} 48. Na5 {[%clk 0:17:19]} Be8 {[%clk 0:24:38]} 49. Bb3
{[%clk 0:17:20]} Bd7 {[%clk 0:23:02]} 50. h4 {[%clk 0:14:40]} Bd8
{[%clk 0:20:28]} 51. Nb7 {[%clk 0:06:48]} Bf6 {[%clk 0:19:11]} 52. Nbd6
{[%clk 0:07:10]} g6 {[%clk 0:13:08]} 53. Nh6+ {[%clk 0:07:35]} Kg7
{[%clk 0:13:32]} 54. Ng4 {[%clk 0:07:37]} Nd8 {[%clk 0:10:23]} 55. Be1
{[%clk 0:07:23]} Be6 {[%clk 0:09:52]} 56. Bxe6 {[%clk 0:06:18]} Nfxe6
{[%clk 0:09:59]} 57. Ne8+ {[%clk 0:06:45]} 1-0

[Event "2017 O2C Doeberl Cup"]
[Site "Canberra Australia"]
[Date "2017.04.15"]
[Round "5.3"]
[White "Clarke, Brandon G I"]
[Black "Smirnov, Anton"]
[Result "1-0"]
[LiveChessVersion "1.4.4"]
[BlackElo "2511"]
[WhiteElo "2298"]

1. e4 {[%clk 1:30:58]} e6 {[%clk 1:27:58]} 2. d4 {[%clk 1:31:22]} d5
{[%clk 1:28:24]} 3. Nc3 {[%clk 1:31:45]} Bb4 {[%clk 1:28:44]} 4. e5
{[%clk 1:32:14]} c5 {[%clk 1:29:06]} 5. a3 {[%clk 1:32:42]} Bxc3+
{[%clk 1:29:29]} 6. bxc3 {[%clk 1:33:10]} Ne7 {[%clk 1:29:50]} 7. Qg4
{[%clk 1:33:22]} Qc7 {[%clk 1:29:57]} 8. Bd3 {[%clk 1:33:37]} c4 {[%clk 1:29:12]}
9. Be2 {[%clk 1:33:23]} Nf5 {[%clk 1:28:26]} 10. h4 {[%clk 1:09:46]} Nc6
{[%clk 1:22:50]} 11. Qg5 {[%clk 1:02:41]} Qa5 {[%clk 1:16:08]} 12. Qd2
{[%clk 1:02:06]} Qa4 {[%clk 1:16:17]} 13. g4 {[%clk 1:01:36]} Nfe7
{[%clk 1:15:29]} 14. h5 {[%clk 1:01:25]} h6 {[%clk 1:14:41]} 15. Rh3
{[%clk 0:59:22]} Bd7 {[%clk 1:08:58]} 16. Rf3 {[%clk 0:57:16]} Rf8
{[%clk 1:01:27]} 17. Bd1 {[%clk 0:39:54]} O-O-O {[%clk 0:59:35]} 18. Ne2
{[%clk 0:40:14]} Be8 {[%clk 0:53:45]} 19. Ng3 {[%clk 0:39:39]} Rh8
{[%clk 0:53:41]} 20. g5 {[%clk 0:37:16]} Ng8 {[%clk 0:51:30]} 21. Qf4
{[%clk 0:35:16]} hxg5 {[%clk 0:45:14]} 22. Qxg5 {[%clk 0:35:25]} Rh7
{[%clk 0:45:30]} 23. Nf5 {[%clk 0:25:05]} f6 {[%clk 0:24:51]} 24. exf6
{[%clk 0:25:34]} Rxh5 {[%clk 0:24:54]} 25. Ne7+ {[%clk 0:17:13]} Ngxe7
{[%clk 0:23:20]} 26. fxe7 {[%clk 0:17:30]} Rxg5 {[%clk 0:23:31]} 27. exd8=Q+
{[%clk 0:17:53]} Nxd8 {[%clk 0:23:50]} 28. Bxg5 {[%clk 0:18:18]} Nf7
{[%clk 0:23:42]} 29. Bf4 {[%clk 0:18:27]} g5 {[%clk 0:21:26]} 30. Bg3
{[%clk 0:18:45]} Qb5 {[%clk 0:21:44]} 31. Kd2 {[%clk 0:17:57]} Qb2
{[%clk 0:22:06]} 32. Rc1 {[%clk 0:18:26]} Qxa3 {[%clk 0:21:58]} 33. Re3
{[%clk 0:16:40]} Bd7 {[%clk 0:19:24]} 34. Bg4 {[%clk 0:15:46]} Nd6
{[%clk 0:19:38]} 35. Rh1 {[%clk 0:15:13]} b5 {[%clk 0:06:02]} 36. Rh8+
{[%clk 0:15:02]} Kb7 {[%clk 0:06:31]} 37. Rh7 {[%clk 0:14:42]} Kc8
{[%clk 0:05:55]} 38. Rxd7 {[%clk 0:14:41]} Kxd7 {[%clk 0:05:50]} 39. Rxe6
{[%clk 0:15:10]} b4 {[%clk 0:05:20]} 40. Rxd6+ {[%clk 0:15:19]} Ke7
{[%clk 0:05:42]} 41. Rd7+ {[%clk 0:14:23]} Ke8 {[%clk 0:06:05]} 42. cxb4
{[%clk 0:13:56]} Qxb4+ {[%clk 0:06:24]} 43. Ke2 {[%clk 0:14:07]} Qc3
{[%clk 0:06:03]} 44. Bf5 {[%clk 0:03:07]} g4 {[%clk 0:01:27]} 45. Bxg4
{[%clk 0:01:29]} Qxc2+ {[%clk 0:01:13]} 46. Kf1 {[%clk 0:01:34]} Qe4
{[%clk 0:22:06]} 47. f3 {[%clk 0:29:48]} Qd3+ {[%clk 0:22:00]} 48. Kg2
{[%clk 0:29:47]} c3 {[%clk 0:22:15]} 49. Bf4 {[%clk 0:25:31]} Qxd4
{[%clk 0:18:12]} 50. Bd6 {[%clk 0:23:14]} Qd2+ {[%clk 0:12:27]} 51. Kh3
{[%clk 0:23:41]} Qe3 {[%clk 0:07:25]} 52. Rh7 {[%clk 0:20:26]} Qd3
{[%clk 0:03:16]} 53. Re7+ {[%clk 0:18:58]} Kd8 {[%clk 0:03:43]} 54. Rb7
{[%clk 0:14:24]} Ke8 {[%clk 0:03:46]} 55. Bd7+ {[%clk 0:14:26]} Kd8
{[%clk 0:04:08]} 56. Be7+ {[%clk 0:14:49]} 1-0

[Event "2017 O2C Doeberl Cup"]
[Site "Canberra Australia"]
[Date "2017.04.15"]
[Round "5.4"]
[White "Ly, Moulthun"]
[Black "Ikeda, Junta"]
[Result "1/2-1/2"]
[LiveChessVersion "1.4.4"]
[BlackElo "2394"]
[WhiteElo "2486"]

1. d4 {[%clk 1:30:36]} Nf6 {[%clk 1:30:41]} 2. c4 {[%clk 1:30:51]} e6
{[%clk 1:30:58]} 3. Nf3 {[%clk 1:31:13]} b6 {[%clk 1:31:09]} 4. g3
{[%clk 1:31:27]} Ba6 {[%clk 1:29:56]} 5. Qc2 {[%clk 1:29:48]} Bb7
{[%clk 1:25:23]} 6. Bg2 {[%clk 1:29:43]} Bb4+ {[%clk 1:23:31]} 7. Bd2
{[%clk 1:28:38]} Be7 {[%clk 1:19:01]} 8. Nc3 {[%clk 1:28:05]} c6 {[%clk 1:15:41]}
9. e4 {[%clk 1:25:54]} d5 {[%clk 1:08:18]} 10. O-O {[%clk 1:21:35]} O-O
{[%clk 1:07:15]} 11. Rad1 {[%clk 1:20:05]} Nbd7 {[%clk 0:58:48]} 12. b3
{[%clk 1:17:05]} Rc8 {[%clk 0:56:39]} 13. Rfe1 {[%clk 1:10:13]} Ba6
{[%clk 0:45:40]} 14. Bf1 {[%clk 1:05:27]} dxe4 {[%clk 0:33:55]} 15. Nxe4
{[%clk 1:04:41]} Qe8 {[%clk 0:32:38]} 16. Bg2 {[%clk 0:58:41]} Nxe4
{[%clk 0:27:35]} 17. Qxe4 {[%clk 0:57:56]} b5 {[%clk 0:26:55]} 18. c5
{[%clk 0:57:35]} Nf6 {[%clk 0:25:57]} 19. Qc2 {[%clk 0:57:27]} Nd5
{[%clk 0:25:36]} 20. Ng5 {[%clk 0:53:07]} Bxg5 {[%clk 0:20:23]} 21. Bxg5
{[%clk 0:53:26]} Qd7 {[%clk 0:19:18]} 22. Bd2 {[%clk 0:50:43]} b4
{[%clk 0:17:16]} 23. Bxd5 {[%clk 0:49:15]} exd5 {[%clk 0:16:50]} 24. Bxb4
{[%clk 0:49:07]} Rfe8 {[%clk 0:16:48]} 25. Kg2 {[%clk 0:48:40]} h5
{[%clk 0:13:10]} 26. h3 {[%clk 0:47:32]} Rxe1 {[%clk 0:11:02]} 27. Rxe1
{[%clk 0:47:58]} Re8 {[%clk 0:11:03]} 28. Qd2 {[%clk 0:48:09]} Bc8
{[%clk 0:10:50]} 29. Rxe8+ {[%clk 0:48:11]} Qxe8 {[%clk 0:11:17]} 30. f3
{[%clk 0:46:51]} Ba6 {[%clk 0:09:39]} 31. Qe1 {[%clk 0:46:52]} 1/2-1/2

[Event "2017 O2C Doeberl Cup"]
[Site "Canberra Australia"]
[Date "2017.04.15"]
[Round "5.5"]
[White "Choong, Yita"]
[Black "Lane, Gary W"]
[Result "1/2-1/2"]
[LiveChessVersion "1.4.4"]
[BlackElo "2391"]
[WhiteElo "2232"]

1. d4 {[%clk 1:30:25]} d5 {[%clk 1:30:47]} 2. c4 {[%clk 1:30:48]} dxc4
{[%clk 1:30:30]} 3. e3 {[%clk 1:31:12]} e5 {[%clk 1:28:58]} 4. Bxc4
{[%clk 1:31:34]} exd4 {[%clk 1:29:21]} 5. exd4 {[%clk 1:31:59]} Nf6
{[%clk 1:29:23]} 6. Nf3 {[%clk 1:32:20]} Be7 {[%clk 1:27:11]} 7. O-O
{[%clk 1:32:35]} O-O {[%clk 1:27:37]} 8. Nc3 {[%clk 1:32:57]} Nbd7
{[%clk 1:26:50]} 9. Re1 {[%clk 1:32:31]} Nb6 {[%clk 1:27:03]} 10. Bb3
{[%clk 1:32:53]} c6 {[%clk 1:27:16]} 11. Bg5 {[%clk 1:33:08]} Bf5
{[%clk 1:13:45]} 12. Ne5 {[%clk 1:25:00]} Nbd5 {[%clk 1:02:28]} 13. Qf3
{[%clk 1:17:48]} Be6 {[%clk 0:59:51]} 14. Na4 {[%clk 1:11:15]} Nc7
{[%clk 0:50:26]} 15. Nc5 {[%clk 1:03:11]} Bxb3 {[%clk 0:17:02]} 16. Qxb3
{[%clk 1:00:40]} Nb5 {[%clk 0:16:33]} 17. Nxb7 {[%clk 0:57:13]} Qc7
{[%clk 0:16:47]} 18. Nxc6 {[%clk 0:52:51]} Qxc6 {[%clk 0:15:38]} 19. Rxe7
{[%clk 0:53:12]} Rab8 {[%clk 0:14:33]} 20. Bxf6 {[%clk 0:50:22]} Qxf6
{[%clk 0:14:43]} 21. Rae1 {[%clk 0:50:39]} Nxd4 {[%clk 0:14:21]} 22. Qc3
{[%clk 0:47:13]} h6 {[%clk 0:14:07]} 23. h3 {[%clk 0:25:43]} Qb6 {[%clk 0:14:08]}
24. Nc5 {[%clk 0:18:22]} Qxb2 {[%clk 0:14:10]} 25. Qxb2 {[%clk 0:18:23]} Rxb2
{[%clk 0:14:28]} 26. Nd7 {[%clk 0:18:42]} Nc2 {[%clk 0:09:44]} 27. Nxf8
{[%clk 0:13:23]} Nxe1 {[%clk 0:10:07]} 28. Nd7 {[%clk 0:13:50]} Nd3
{[%clk 0:09:40]} 29. Re8+ {[%clk 0:14:05]} 1/2-1/2